00688nam a2200181 a 450000100100000000500170001000800410002704000250006808200150009311000500010824500360015824600610019426000490025530000460030459000260035095201130037699900170048900004770920201002060706.0110415s2008 dr a 000 0 spa d aDO-SdBNPbspacBNPHU axxxbR426o1 aSecretaría de Estado de Educación.91275910aMemoria de gestión 2004-2008.14aGrandes retos, importantes avances :bMemorias 2004/2008 aSanto Domingo :bGestión Educativa,c2008. a147 p. :bil., gráfs., retrs. ;c30 cm. aInventariado, 2018/VM 0010718PDaPDbPDcHDd2018-07-23iLF1l0oxxx R426op47709-10r2020-06-25w2020-06-25yLFPDZNo se presta c47197d47197